00297nam a2200121Ia 4500008004100000041000900041082001500050100002000065245002500085260004800110300000900158650000800167230718s9999 xx 000 0 und d aEng. a300bAFG-T aAfghani , Masud 4aThe Oxfor Dictionery aPakistanbOxford University publisherc2004 a1538 aLaw